00249nam a2200109Ia 4500008004100000100001800041245002300059260002100082650001200103942000700115999001700122190216s9999||||xx |||||||||||||| ||und|| aInduchoodan M 0aThavala Angolpathi bBhasha Institute aZoology cBK c38440d38440